000 01154cam a2200289 4500
008 090401t1994 xxu||||| |||| 00| 0 eng d
020 _a0102365946
035 _a(Sirsi) u5704
041 _aeng
050 _a692.2
110 _aUnited Kingdom
_bNational Audit Office
_91350
245 _aReport by the Comptroller and Auditor General: buildings and the environment ... April 1994.
260 _aLondon
_bHMSO
_c1994
300 _a33p. ; 30cm.
350 _a7.4
490 _aHCP
_v365
520 _aExamines how well the DoE have carried out a range of initiatives and activities aimed at reducing environmental risks associated with buildings. Looks at building regulations, initiatives to promote energy efficiency and environmental awareness and how the Department and Property Holdings have set an example in government buildings.
650 _aBUILDING INDUSTRY
650 _aBUILDING REGULATIONS
_96224
650 _aBUILDINGS AND THE ENVIRONMENT
650 _aDEPARTMENT OF THE ENVIRONMENT
650 _aENERGY EFFICIENCY
650 _aENVIRONMENTAL AWARENESS
690 _aENERGY
_96237
942 _n0
948 _c04/03/1997
999 _c86200
_d86200